Aplikácia plnív na báze prírodných polymérov v gumárskych zmesiach s NBR kaučukom

Enregistré dans:
Détails bibliographiques
Auteur principal: Stromko, Martin (Auteur)
Autres auteurs: Hudec, Ivan (Directeur de thèse)
Format: Manuscrit Livre
Langue:slovaque
Publié: 2017
Sujets:
Accès en ligne:http://is.stuba.sk/zp/portal_zp.pl?podrobnosti=111291
Tags: Ajouter un tag
Pas de tags, Soyez le premier à ajouter un tag!

MARC

LEADER 00000ntm a22000003a 4500
001 stuzp65120
003 SK-STU
005 20170715211142.0
007 ta
008 150427s2015----xo-----f-mn---000-0-slo-d
040 |a STU  |b slo 
041 0 |a slo 
100 1 |a Stromko, Martin  |u 049000  |4 aut  |U FCHPT Fakulta chemickej a potravinárskej technológie  |T FCHPT Ústav prírodných a syntetických polymérov  |X 65151  |U 049000  |Y 107  |7 65151 
242 0 1 |a Application of Natural-based Polymeric Fillers in Rubber Blends in NBR Rubber  |y eng 
245 1 0 |a Aplikácia plnív na báze prírodných polymérov v gumárskych zmesiach s NBR kaučukom 
260 |c 2017 
650 4 |a celulóza  |2 slo 
650 4 |a butadién – akrylonitrilový kaučuk  |2 slo 
650 4 |a škrob  |2 slo 
650 4 |a acetylovaná celulóza  |2 slo 
650 4 |a acrylonitrile - butadiene rubber  |2 eng 
650 4 |a starch  |2 eng 
650 4 |a cellulose acetate  |2 eng 
650 4 |a cellulose  |2 eng 
700 1 |a Hudec, Ivan  |u 049000  |k Z1  |4 ths  |U FCHPT Fakulta chemickej a potravinárskej technológie  |T FCHPT Ústav prírodných a syntetických polymérov  |X 3303  |U 049000  |Y 107  |7 A000003303 
856 4 |u http://is.stuba.sk/zp/portal_zp.pl?podrobnosti=111291